000 00660cam a2200229 a 4500
001 1021519
005 20180124081408.0
008 880912s1989 enk b 001 0 eng
010 _a 88028905
020 _a019828554X :
_c27.50
040 _aDLC
_cDLC
_dDLC
041 _aeng
080 _a338.00724 DOR
082 0 0 _a338.00724 DOR
_219
100 _a52
101 _aEKO
245 0 0 _aJohn von Neumann and modern economics /
_cedited by Mohammed Dore, Sukhamoy Chakravarty, Richard Goodwin.
504 _aIncludes bibliographical references and index.
906 _a7
_bcbc
_corignew
_d1
_eocip
_f19
_gy-gencatlg
942 _2ddc
_cBK
999 _c40876
_d40876